Normal view MARC view
  • Russel Chris

Entry Personal Name

Number of records used in: 1

001 - CONTROL NUMBER

  • control field: 7852

003 - CONTROL NUMBER IDENTIFIER

  • control field: OSt

005 - DATE AND TIME OF LATEST TRANSACTION

  • control field: 20250827125030.0

008 - FIXED-LENGTH DATA ELEMENTS

  • fixed length control field: 250827|| aca||aabn | a|a d

040 ## - CATALOGING SOURCE

  • Original cataloging agency: OSt
  • Transcribing agency: OSt

100 ## - HEADING--PERSONAL NAME

  • Personal name: Russel Chris

670 ## - SOURCE DATA FOUND

  • Source citation: Work cat.: (OSt)12818: Russel Chris, Goldi Locks and Three Bears

Powered by Koha